Pre-hospital medicine (Record no. 54338)

MARC details
000 -LEADER
fixed length control field 00615nam a2200169 a 4500
008 - FIXED-LENGTH DATA ELEMENTS--GENERAL INFORMATION
fixed length control field 120416s0000 ||||||||||||||||| || u
020 ## - INTERNATIONAL STANDARD BOOK NUMBER
International Standard Book Number 0340676566
050 ## - LIBRARY OF CONGRESS CALL NUMBER
Classification number RA 645.7 Pre
100 ## - MAIN ENTRY--PERSONAL NAME
Personal name Greaves, Ian
245 10 - TITLE STATEMENT
Title Pre-hospital medicine
Statement of responsibility, etc. edited by Ian Greaves
246 ## - VARYING FORM OF TITLE
Title proper/short title the principles and practice of immediate care
260 ## - PUBLICATION, DISTRIBUTION, ETC.
Place of publication, distribution, etc. London
Name of publisher, distributor, etc. Arnold
Date of publication, distribution, etc. 1999
300 ## - PHYSICAL DESCRIPTION
Extent xvi, 806p. : ill
350 ## - PRICE (NR) (BK AM CF MU VM SE) [OBSOLETE]
Price 0.00
700 ## - ADDED ENTRY--PERSONAL NAME
Personal name Porter, Keith M
995 ## - RECOMMENDATION 995 [LOCAL, UNIMARC FRANCE]
-- 0.00
-- CBU-MAIN LIBRARY (Kitwe)
-- 1
-- 60.00
-- 1
-- AVAILABLE
-- Apr 10, 2007
-- Annex Low-Usage Collection
Holdings
Withdrawn status Lost status Source of classification or shelving scheme Damaged status Not for loan Home library Current library Shelving location Date acquired Total Checkouts Full call number Barcode Date last seen Price effective from Koha item type
          CBU-MAIN LIBRARY, KITWE. CBU-MAIN LIBRARY, KITWE.   11/30/2022   RA 645.7 Pre 40491 11/30/2022 11/30/2022 MONOGRAPH